| 000 | 00495nam a22001577a 4500 | ||
|---|---|---|---|
| 008 | 170327b xxu||||| |||| 00| 0 eng d | ||
| 020 | _a0-07-881770-6 | ||
| 082 |
_21992 _aDC 005.5 _bH67 |
||
| 100 |
_919556 _aHoffman, Paul |
||
| 245 |
_aMicrosoft word for windows 2: _bmade easy/ _cPaul Hoffman. |
||
| 260 |
_aOsborne: _bMcGraw-Hill, _cc1992. |
||
| 300 |
_axvi, 303 pages: _billustrations; _c23 cm. |
||
| 500 | _aIncludes index. | ||
| 650 | 0 |
_919557 _aMicrosoft word (Computer file) |
|
| 942 |
_2ddc _cDC |
||
| 999 |
_c6461 _d6461 |
||